Elenca la formazione - Quiz n°13 - Statistics

Statistiche generali
  • Questo quiz è stato fatto 152 volte
  • Il punteggio medio è 6 su 11
Statistiche sulle risposte
Ruolo Nazione Calciatore % Corretto
Portiere Germania Manuel Neuer
96%
Difensore Austria David Alaba
92%
Attaccante Polonia Robert Lewandowski
91%
Attaccante Germania Thomas Müller
74%
Difensore Spagna Javi Martinez
64%
Difensore Germania Jérôme Boateng
63%
Attaccante Svizzera Xherdan Shaqiri
61%
Centrocampista Spagna Juan Bernat
17%
Centrocampista Danimarca Pierre-Emile Højbjerg
12%
Centrocampista Germania Sebastian Rode
9%
Centrocampista Germania Gianluca Gaudino
5%
Nessun quiz corrispondente trovato
Distribuzione punteggi
Percentuale di utenti per punteggio
Percentile per numero di risposta
I tuoi punteggi nel tempo
Non hai fatto questo quiz